Creating a sustainable organization : (Record no. 284485)
[ view plain ]
| 000 -LEADER | |
|---|---|
| fixed length control field | 01740cam a2200349 a 4500 |
| 001 - CONTROL NUMBER | |
| control field | 16928447 |
| 003 - CONTROL NUMBER IDENTIFIER | |
| control field | PILC |
| 005 - DATE AND TIME OF LATEST TRANSACTION | |
| control field | 20150528140701.0 |
| 008 - FIXED-LENGTH DATA ELEMENTS--GENERAL INFORMATION | |
| fixed length control field | 110819s2012 nju b 001 0 eng |
| 010 ## - LIBRARY OF CONGRESS CONTROL NUMBER | |
| LC control number | 2011034569 |
| 020 ## - INTERNATIONAL STANDARD BOOK NUMBER | |
| International Standard Book Number | 9780132874403 (hardcover : alk. paper) |
| 020 ## - INTERNATIONAL STANDARD BOOK NUMBER | |
| International Standard Book Number | 0132874407 (hardcover : alk. paper) |
| 035 ## - SYSTEM CONTROL NUMBER | |
| System control number | (OCoLC)ocn748329906 |
| 040 ## - CATALOGING SOURCE | |
| Original cataloging agency | DLC |
| Transcribing agency | DLC |
| Modifying agency | YDX |
| -- | BTCTA |
| -- | YDXCP |
| -- | BDX |
| -- | BWX |
| -- | CDX |
| -- | DLC |
| 042 ## - AUTHENTICATION CODE | |
| Authentication code | pcc |
| 050 00 - LIBRARY OF CONGRESS CALL NUMBER | |
| Classification number | HD 58.9 |
| Item number | .So731 2012 |
| 082 00 - DEWEY DECIMAL CLASSIFICATION NUMBER | |
| Classification number | 658.4/08 |
| 100 1# - MAIN ENTRY--PERSONAL NAME | |
| Personal name | Soyka, Peter A., |
| Dates associated with a name | 1958- |
| 245 10 - TITLE STATEMENT | |
| Title | Creating a sustainable organization : |
| Remainder of title | approaches for enhancing corporate value through sustainability / |
| Statement of responsibility, etc | Peter A. Soyka. |
| 250 ## - EDITION STATEMENT | |
| Edition statement | 1st ed. |
| 260 ## - PUBLICATION, DISTRIBUTION, ETC. (IMPRINT) | |
| Place of publication, distribution, etc | Upper Saddle River, N.J. : |
| Name of publisher, distributor, etc | FT Press, |
| Date of publication, distribution, etc | 2012. |
| 300 ## - PHYSICAL DESCRIPTION | |
| Extent | xiii, 415 pages ; |
| Dimensions | 24 cm. |
| 500 ## - GENERAL NOTE | |
| General note | Includes bibliographical references and index. |
| 505 0# - FORMATTED CONTENTS NOTE | |
| Formatted contents note | Introduction -- Background and context -- Environmental, social, and governance (ES&G) issues and how they affect the business enterprise -- Stakeholder interests and influences and the social license to operate -- Managing ES&G issues within the organization -- Investors and the power of markets -- Financial impacts of effective (or ineffective) ES&G/sustainability management -- Defining, measuring, and reporting ES&G performance -- Making it happen in your organization -- Bibliography. |
| 650 #0 - SUBJECT ADDED ENTRY--TOPICAL TERM | |
| Topical term or geographic name as entry element | Organizational effectiveness. |
| 650 #0 - SUBJECT ADDED ENTRY--TOPICAL TERM | |
| Topical term or geographic name as entry element | Organizational change. |
| 650 #0 - SUBJECT ADDED ENTRY--TOPICAL TERM | |
| Topical term or geographic name as entry element | Sustainable development. |
| 650 #0 - SUBJECT ADDED ENTRY--TOPICAL TERM | |
| Topical term or geographic name as entry element | Investments |
| General subdivision | Environmental aspects. |
| 906 ## - LOCAL DATA ELEMENT F, LDF (RLIN) | |
| a | 7 |
| b | cbc |
| c | orignew |
| d | 1 |
| e | ecip |
| f | 20 |
| g | y-gencatlg |
| 942 ## - ADDED ENTRY ELEMENTS (KOHA) | |
| Source of classification or shelving scheme | Library of Congress Classification |
| Koha item type | Books |
| Call number prefix | Foreign |
| Withdrawn status | Lost status | Source of classification or shelving scheme | Damaged status | Home library | Current library | Shelving location | Date acquired | Source of acquisition | Sub Shelving location | Total Checkouts | Full call number | Barcode | Date last seen | Price effective from | Koha item type |
|---|---|---|---|---|---|---|---|---|---|---|---|---|---|---|---|
| Library of Congress Classification | College Library | College Library | Reserve Section | 05/28/2015 | Donation | HD 58.9 .So731 2012 | C19411 | 05/15/2018 | 05/28/2015 | Books |